| 000 | 00609cam a2200205 4500 | ||
|---|---|---|---|
| 008 | 000000n2000 000 0 eng u | ||
| 020 | _a1856043401 | ||
| 035 | _a(Sirsi) u105289 | ||
| 050 | _a029.7 | ||
| 100 | _aGriffiths, Peter | ||
| 245 | _aManaging your internet and intranet services : the information and library professional's guide to strategy. | ||
| 260 |
_aLondon _bLibrary association Publishing _c2000 |
||
| 300 | _axi,223p. ; 24cm. | ||
| 350 | _a29.95 | ||
| 650 | _aLIBRARIANS | ||
| 650 | _aWEBSITES | ||
| 650 | _aINTRANETS | ||
| 690 | _aINFORMATION TECHNOLOGY-INTERNET | ||
| 942 | _n0 | ||
| 999 |
_c100349 _d100349 |
||